[Event "Prestwick Airport Minor"]
[Site "Prestwick"]
[Date "2011.05.15"]
[Round "4"]
[White "Hume, Wyllie"]
[Black "Waddington, James"]
[Result "1/2-1/2"]
[WhiteElo "1080"]
[BlackElo "1290"]
[PlyCount "35"]
[EventDate "2011.05.13"]
[EventType "swiss"]
[EventRounds "5"]
[EventCountry "SCO"]
[SourceTitle "EXT 2023"]
[Source "ChessBase"]
[SourceDate "2022.10.05"]
[SourceVersion "1"]
[SourceVersionDate "2022.10.05"]
[SourceQuality "1"]

1. d4 b6 2. Bf4 Bb7 3. Nc3 d6 4. e4 Nf6 5. Qd3 Ba6 6. Qf3 Qc8 7. Bxa6 Nxa6 8. Nge2 Qb7 9. 0-0 e6 10. Rad1 Be7 11. Rd3 Nb4 12. Rd2 0-0 13. a3 Nc6 14. d5 exd5 15. exd5 Ne5 16. Bxe5 dxe5 17. Rfd1 Bd6 18. Ne4 1/2-1/2

[Event "Yeovil Minor op"]
[Site "Yeovil"]
[Date "2007.06.17"]
[Round "4"]
[White "Haines, Matthew"]
[Black "Hume, Wyllie"]
[Result "0-1"]
[WhiteElo "960"]
[BlackElo "912"]
[PlyCount "62"]
[EventDate "2007.06.15"]
[EventType "swiss"]
[EventRounds "5"]
[EventCountry "ENG"]
[SourceTitle "CBM 119 Extra"]
[Source "ChessBase"]
[SourceDate "2007.09.04"]
[SourceVersion "1"]
[SourceVersionDate "2007.09.04"]
[SourceQuality "1"]

1. e4 d5 2. e5 d4 3. Nf3 c5 4. Bc4 e6 5. d3 Nc6 6. Bb5 Bd7 7. Bxc6 Bxc6 8. c3 f6 9. exf6 Nxf6 10. Bg5 Be7 11. 0-0 0-0 12. Re1 Qd6 13. h3 Nd5 14. Bxe7 Nxe7 15. c4 Bxf3 16. gxf3 Rf6 17. Nd2 Rg6+ 18. Kf1 Qh2 19. Ne4 Qxh3+ 20. Ke2 Rf8 21. Kd2 Rxf3 22. Ng3 Rxf2+ 23. Ne2 Qe3+ 24. Kc2 Rgg2 25. Qd2 Rxe2 26. Rxe2 Rxe2 27. Rd1 Rxd2+ 28. Rxd2 g5 29. Kd1 h5 30. Re2 Qxd3+ 31. Ke1 Qxc4 0-1

[Event "Yeovil Minor op"]
[Site "Yeovil"]
[Date "2007.06.17"]
[Round "5"]
[White "Hume, Wyllie"]
[Black "Davies, Barry"]
[Result "1-0"]
[WhiteElo "912"]
[BlackElo "1192"]
[PlyCount "63"]
[EventDate "2007.06.15"]
[EventType "swiss"]
[EventRounds "5"]
[EventCountry "ENG"]
[SourceTitle "CBM 119 Extra"]
[Source "ChessBase"]
[SourceDate "2007.09.04"]
[SourceVersion "1"]
[SourceVersionDate "2007.09.04"]
[SourceQuality "1"]

1. d4 d5 2. Nf3 e6 3. e3 Bd6 4. Bd3 Nd7 5. Nbd2 c6 6. 0-0 f5 7. c4 Ngf6 8. Ng5 Bxh2+ 9. Kxh2 Ng4+ 10. Kg1 Qxg5 11. Nf3 Qf6 12. cxd5 cxd5 13. Re1 0-0 14. Bd2 Qe7 15. a3 Rf6 16. Bb4 Qe8 17. Rc1 Rh6 18. Rc7 Qh5 19. Kf1 Qh1+ 20. Ng1 Nh2+ 21. Ke2 Qxg2 22. Qc2 Qg4+ 23. Kd2 Nb6 24. Qc5 Rf6 25. a4 Rf7 26. Rxf7 Kxf7 27. Qe7+ Kg6 28. Qe8+ Kh6 29. Bd6 Qg6 30. Bf4+ Kh5 31. Be2+ Kh4 32. Bg3+ 1-0

[Event "Yeovil Minor op"]
[Site "Yeovil"]
[Date "2007.06.16"]
[Round "3"]
[White "Hume, Wyllie"]
[Black "Billett, Stephen"]
[Result "0-1"]
[WhiteElo "912"]
[BlackElo "1072"]
[PlyCount "56"]
[EventDate "2007.06.15"]
[EventType "swiss"]
[EventRounds "5"]
[EventCountry "ENG"]
[SourceTitle "CBM 119 Extra"]
[Source "ChessBase"]
[SourceDate "2007.09.04"]
[SourceVersion "1"]
[SourceVersionDate "2007.09.04"]
[SourceQuality "1"]

1. d4 Nf6 2. Nf3 b6 3. e3 Bb7 4. Bd3 e6 5. Nbd2 d6 6. 0-0 Be7 7. Qe2 0-0 8. e4 a6 9. e5 dxe5 10. dxe5 Ne8 11. Be4 Bxe4 12. Qxe4 Qd5 13. Qxd5 exd5 14. c4 dxc4 15. Nxc4 Nd7 16. Bg5 Bxg5 17. Nxg5 b5 18. e6 fxe6 19. Nxe6 Rf6 20. Rad1 Rxe6 21. Rxd7 bxc4 22. h3 Re2 23. Rb1 Rb8 24. Rc1 Rexb2 25. Rxc4 Rxa2 26. Rf4 Rc8 27. Rdf7 Nf6 28. Re7 Nd5 0-1